Operating system concepts : windows xp update (Record no. 178037)

MARC details
000 -LEADER
fixed length control field 00484nam a2200169Ia 4500
008 - FIXED-LENGTH DATA ELEMENTS--GENERAL INFORMATION
fixed length control field 231217s9999 xx 000 0 und d
020 ## - INTERNATIONAL STANDARD BOOK NUMBER
International Standard Book Number 812650904X
041 ## - LANGUAGE CODE
Language code of text/sound track or separate title English
082 ## - DEWEY DECIMAL CLASSIFICATION NUMBER
Classification number 001.642 SIL;59
100 ## - MAIN ENTRY--PERSONAL NAME
Personal name Silberschatz, Abraham. Galvin, Peter Baer. Gagne, Greg.
245 #0 - TITLE STATEMENT
Title Operating system concepts : windows xp update
250 ## - EDITION STATEMENT
Edition statement 6th ed.
260 ## - PUBLICATION, DISTRIBUTION, ETC.
Date of publication, distribution, etc. 2003
Name of publisher, distributor, etc. John Wiley
Place of publication, distribution, etc. New Delhi
300 ## - PHYSICAL DESCRIPTION
Extent xxi+951
650 ## - SUBJECT ADDED ENTRY--TOPICAL TERM
Topical term or geographic name entry element Operating,:,windows,xp,update
942 ## - ADDED ENTRY ELEMENTS (KOHA)
Koha item type Books
Holdings
Date last seen Total checkouts Full call number Accession number Uniform resource identifier Cost, total (INR) price Price effective from Category Lost status Damaged status Department Withdrawn status Home library Current library Shelving location Entry date Vendor Cost, normal purchase price Grants Billnumber Billdate Currency symbol Conversion rate Discount Old discount
26/01/2024   001.642 SIL;59 42726 digital/contents/29141.pdf 318.75 26/01/2024 Books     MCA   Central Library Central Library MCA 29/08/2006 Book Paradise 425.00 MCA 33570 19/08/2008 RS 1 106.25 25
26/01/2024   001.642 SIL;60 42727 digital/contents/29141.pdf 318.75 26/01/2024 Books     MCA   Central Library Central Library MCA 29/08/2006 Book Paradise 425.00 MCA 33570 19/08/2008 RS 1 106.25 25
26/01/2024   001.642 SIL;61 42728 digital/contents/29141.pdf 318.75 26/01/2024 Books     MCA   Central Library Central Library MCA 29/08/2006 Book Paradise 425.00 MCA 33570 19/08/2008 RS 1 106.25 25
26/01/2024   001.642 SIL;62 42729 digital/contents/29141.pdf 318.75 26/01/2024 Books     MCA   Central Library Central Library MCA 29/08/2006 Book Paradise 425.00 MCA 33570 19/08/2008 RS 1 106.25 25
26/01/2024   001.642 SIL;63 42730 digital/contents/29141.pdf 318.75 26/01/2024 Books     MCA   Central Library Central Library MCA 29/08/2006 Book Paradise 425.00 MCA 33570 19/08/2008 RS 1 106.25 25
26/01/2024   001.642 SIL;66 45700 digital/contents/29141.pdf 359.20 26/01/2024 Books     Central Library   Central Library Central Library Central Library 24/08/2007 Sai Books 449.00 MCA 45 10/11/2008 RS 1 89.8 20
26/01/2024   001.642 SIL;67 45701 digital/contents/29141.pdf 359.20 26/01/2024 Books     Central Library   Central Library Central Library Central Library 24/08/2007 Sai Books 449.00 MCA 45 10/11/2008 RS 1 89.8 20

© For any Suggestions or Query, please contact the library staff @ librarian@pes.edu or Phone: +9180 2672 1983/ 2108.